| 000 | 00807nam a2200241 i 4500 | ||
|---|---|---|---|
| 001 | 162641 | ||
| 003 | ES-MaACL | ||
| 005 | 20240608063004.0 | ||
| 008 | 950412s1868 sp |||| | spa d | ||
| 040 |
_aEUS _bspa _cEUS |
||
| 100 | 0 |
_aProudhon, Pierre-Joseph. _994052 |
|
| 245 | 1 | 3 |
_aEl principio federativo / _cP.J. Proudhon ; traducción y prólogo de F. Pi y Margall. |
| 260 |
_aMadrid : _bLibrería de Alfonso Durán, _c1868 |
||
| 300 |
_a184 p. ; _c19 cm. |
||
| 490 | 1 | _aBiblioteca de Durán | |
| 700 | 1 |
_aPi y Margall, Francisco, _d1824-1901 _991732 |
|
| 830 |
_aBiblioteca de Durán _9222210 |
||
| 852 |
_aES-MaACL _jB-13470 _z-- Enc. hol. |
||
| 852 |
_aES-MaACL _jG-10553 _z-- Enc. tela _z-- Legado Calderón |
||
| 942 | _2udc | ||
| 999 |
_c162641 _d162641 |
||